แสดงรายละเอียดบรรณานุกรม
  กลับหน้าหลัก

Brief Record : Get Marc (ISO 2709) : E-mail record : QR code ปิดหน้าต่าง
E-books : เกี่ยวกับ Collections
LEADER 00000nam a2200000Ia 4500
001    214095
003     ULIBM
008    240528s||||||||th 000 0 tha d
020    ^a9789740339779
040    ^abcnkk
041    ^atha
060 04 ^aWH700^bอ376ร 2563
100 0  ^aอรวินท์ พร่างแสงทอง
245 10 ^aระบบน้ำเหลืองและการสร้างหลอดน้ำเหลืองใหม่ =^bThe lymphatic system and lymphangiogenesis /^cอรวินท์ พร่างแสงทอง
246 31 ^aThe lymphatic system and lymphangiogenesis
260    ^aกรุงเทพฯ :^bสำนักพิมพ์จุฬาลงกรณ์มหาวิทยาลัย,^c2563
300    ^a213 หน้า :^bภาพประกอบ ;^c26 ซม.
505 0  ^aประวัติการค้นพบหลอดน้ำเหลืองและระบบน้ำเหลือง -- โครงสร้างของระบบน้ำเหลืองและหน้าที่การระบายน้ำเหลือง -- หน้าที่จำเพาะของหลอดน้ำเหลืองที่อวัยวะต่าง ๆ -- การเจริญของระบบน้ำเหลืองและการสร้างหลอดน้ำเหลือง -- กระบวนการของการสร้างหลอดน้ำเหลืองใหม่ ปัจจัย และกลไกที่เกี่ยวข้อง -- การสร้างหลอดน้ำเหลืองใหม่และกระบวนการเมแทบอลิซึม -- การสร้างหลอดน้ำเหลืองใหม่ในโรคมะเร็ง -- ภาคผนวก : ตัวอย่างการประยุกต์ใช้เซลล์บุหลอดน้ำเหลืองเพื่อการศึกษาทางเภสัชศาสตร์ชีวภาพ
650  2 ^aLymphatic Diseases
650  2 ^aLymphatic System
650  4 ^aต่อมน้ำเหลือง, เนื้องอก
650  4 ^aต่อมน้ำเหลือง, โรค
999    ^aใช้งานได้ทุกระบบ
รายการนี้ยังไม่มีแท็ก
คุณยังไม่ได้ล็อกอิน คุณสามารถมีกิจกรรมร่วมกับเว็บไซต์ได้ แต่ต้องล็อกอินก่อน ::
  ล็อกอิน
ลำดับที่ ประเภท เลขเรียก สถานที่ สถานะ
1. หนังสือทั่วไป
หนังสือทั่วไป
WH700 อ376ร 2563 ฉ.1 
  
การพยาบาลผู้ใหญ่ On Shelf
  ขอยืม
Note:จัดซื้อปีงบประมาณ 2564
2. หนังสือทั่วไป
หนังสือทั่วไป
WH700 อ376ร 2563 ฉ.2 
  
การพยาบาลผู้ใหญ่ On Shelf
  ขอยืม
Note:จัดซื้อปีงบประมาณ 2564
3. หนังสือทั่วไป
หนังสือทั่วไป
WH700 อ376ร 2563 ฉ.3 
  
การพยาบาลผู้ใหญ่ On Shelf
  ขอยืม
Note:จัดซื้อปีงบประมาณ 2564
   [แสดง 3/3 รายการ]

รายการใกล้เคียง
    หัวเรื่อง [Lymphatic Diseases]
    หัวเรื่อง [Lymphatic System]
    หัวเรื่อง [ต่อมน้ำเหลือง, เนื้องอก]
    หัวเรื่อง [ต่อมน้ำเหลือง, โรค]

BibComment


ยังไม่เคยถูกคอมเมนท์

คอมเมนท์ทรัพยากรรายการนี้
  คอมเมนท์: ระบบน้ำเหลืองและ..
Bib 214095

 
 
 

 Union Library Management : ULibM
Copyright 2026. All Rights Reserved.
скачать бесплатно без регистрации порно красивый секс HD Sex Hindi sex

xxx gou

xxxx

bfxxx

xxxwww

Секса Видео

xxxx

Секса Видео

detube

geilexxx

C99 Shell

worms shell

blod xxx video
Ebony Coed Rihanna Rimes Takes A Dick In Her Young Twat priyaa indian fuck anal and pusssy hardcore indian women xxx desi hardcore fucking part 1 bengalixxxcouple